| 000 | 00833nam a2200253Ia 4500 | ||
|---|---|---|---|
| 005 | 20220317001109.0 | ||
| 008 | 160825s2000 ag g 000 0 spa | ||
| 020 | _a9501290034 | ||
| 082 | 0 | 4 |
_a190 _bS11f |
| 100 | 1 | _aScavino, Dardo | |
| 245 | 1 | 3 |
_aLa filosofía actual _bpensar sin certezas _cDardo Scavino |
| 250 |
_a1a. edición _b1a. reimpresión |
||
| 300 |
_a243 páginas _c21 cm |
||
| 490 | _aPaidós postales | ||
| 650 | 1 | 4 |
_2LEMB _aFilosofía moderna _xHistoria y crítica |
| 650 | 1 | 4 |
_2LEMB _aFilosofía política _ySiglo XX |
| 650 | 1 | 4 |
_2LEMB _aFilosofía de la comunicación _ySiglo XX |
| 942 |
_2ddc _cBK |
||
| 264 |
_aBuenos Aires _bPaidós _c2000 |
||
| 336 |
_atexto _btxt _2rdacontent |
||
| 337 |
_asin mediación _bn _2rdamedia |
||
| 338 |
_avolumen _bnc _2rdacarrier |
||
| 040 |
_aCO-BoRNBP _bspa _erda _cCO-BoRNBP |
||
| 999 |
_c5920 _d5920 |
||